[Event "Budapest FS02 IM"]
[Site "Budapest"]
[Date "2004.02.16"]
[Round "9"]
[White "Dub, Zeev"]
[Black "Pap, Gyula"]
[Result "1/2-1/2"]
[WhiteElo "2270"]
[BlackElo "2226"]
[PlyCount "89"]
[EventDate "2004.02.07"]
[EventType "tourn"]
[EventRounds "13"]
[EventCountry "HUN"]
[EventCategory "1"]
[SourceTitle "CBM 098 Extra"]
[Source "ChessBase"]
[SourceDate "2004.03.10"]
[SourceVersion "2"]
[SourceVersionDate "2004.03.10"]
[SourceQuality "1"]

1. d4 e6 2. c4 Nf6 3. Nc3 d5 4. Bg5 Nbd7 5. e3 c6 6. Nf3 Qa5 7. Nd2 Bb4 8. Qc2 0-0 9. Be2 c5 10. 0-0 cxd4 11. Nb3 Qb6 12. exd4 dxc4 13. Bxc4 Bxc3 14. bxc3 Qc7 15. Qe2 b6 16. Rac1 Bb7 17. Bd3 Rac8 18. Rfe1 Rfe8 19. c4 Qd6 20. Qe3 a5 21. Bf4 Qc6 22. Qh3 Rcd8 23. Rcd1 a4 24. Nc1 Ba6 25. d5 exd5 26. cxd5 Qb7 27. d6 Bxd3 28. Nxd3 Rxe1+ 29. Rxe1 Qd5 30. a3 Qb3 31. Nb4 Rc8 32. Bg5 Qxh3 33. gxh3 h6 34. Bxf6 Nxf6 35. Nd5 Rd8 36. Nxf6+ gxf6 37. Rd1 Kf8 38. Rd4 Ke8 39. Kg2 b5 40. Rd5 Rb8 41. Rf5 b4 42. axb4 Rxb4 43. Rxf6 a3 44. d7+ Kxd7 45. Rxf7+ 1/2-1/2

[Event "Budapest FS04 GM"]
[Site "Budapest"]
[Date "2003.04.17"]
[Round "13"]
[White "Jakab, Attila"]
[Black "Dub, Zeev"]
[Result "1/2-1/2"]
[WhiteElo "2388"]
[BlackElo "2358"]
[PlyCount "20"]
[EventDate "2003.04.05"]
[EventType "tourn"]
[EventRounds "13"]
[EventCountry "HUN"]
[EventCategory "7"]
[SourceTitle "CBM 093 Extra"]
[Source "ChessBase"]
[SourceDate "2003.05.09"]
[SourceVersion "1"]
[SourceVersionDate "2003.05.09"]
[SourceQuality "1"]

1. e4 c5 2. Nf3 d6 3. d4 cxd4 4. Nxd4 Nf6 5. Nc3 a6 6. Be3 e6 7. f3 Be7 8. Qd2 Nbd7 9. 0-0-0 Qc7 10. g4 Nb6 1/2-1/2

[Event "Budapest FS04 GM"]
[Site "Budapest"]
[Date "2003.04.12"]
[Round "8"]
[White "Aagaard, Jacob"]
[Black "Dub, Zeev"]
[Result "1-0"]
[WhiteElo "2343"]
[BlackElo "2358"]
[PlyCount "59"]
[EventDate "2003.04.05"]
[EventType "tourn"]
[EventRounds "13"]
[EventCountry "HUN"]
[EventCategory "7"]
[SourceTitle "CBM 093 Extra"]
[Source "ChessBase"]
[SourceDate "2003.05.09"]
[SourceVersion "1"]
[SourceVersionDate "2003.05.09"]
[SourceQuality "1"]

1. e4 c5 2. Nf3 Nc6 3. d4 cxd4 4. Nxd4 Nf6 5. Nc3 e5 6. Ndb5 d6 7. Bg5 a6 8. Na3 b5 9. Bxf6 gxf6 10. Nd5 f5 11. Bd3 Be6 12. Qh5 Rg8 13. g3 Rg4 14. f4 exf4 15. Nxf4 Rxf4 16. gxf4 Qa5+ 17. Kd1 fxe4 18. Bxe4 d5 19. Bd3 Qb4 20. f5 Qxb2 21. Rb1 Qxa3 22. fxe6 0-0-0 23. exf7 Qxa2 24. Ke2 Kb7 25. Kf2 Qa4 26. Kg2 Qd4 27. Rhf1 Rd6 28. Rbe1 Rh6 29. Qg5 Nb4 30. Qe7+ 1-0

[Event "Budapest FS04 GM"]
[Site "Budapest"]
[Date "2003.04.10"]
[Round "6"]
[White "Farago, Ivan"]
[Black "Dub, Zeev"]
[Result "1-0"]
[WhiteElo "2477"]
[BlackElo "2358"]
[PlyCount "57"]
[EventDate "2003.04.05"]
[EventType "tourn"]
[EventRounds "13"]
[EventCountry "HUN"]
[EventCategory "7"]
[SourceTitle "CBM 093 Extra"]
[Source "ChessBase"]
[SourceDate "2003.05.09"]
[SourceVersion "1"]
[SourceVersionDate "2003.05.09"]
[SourceQuality "1"]

1. d4 Nf6 2. c4 g6 3. Nc3 d5 4. cxd5 Nxd5 5. e4 Nxc3 6. bxc3 Bg7 7. Bc4 c5 8. Ne2 0-0 9. 0-0 Nc6 10. Be3 Bd7 11. Rb1 a6 12. Qd2 b5 13. Bd5 cxd4 14. cxd4 e6 15. Bb3 Qa5 16. Qd3 Rac8 17. f4 Qa3 18. f5 Nb4 19. Qd2 exf5 20. Ng3 fxe4 21. Nxe4 Bf5 22. Rxf5 gxf5 23. Nd6 Rc2 24. Bxc2 Nxc2 25. Nxf5 Nxe3 26. Rb3 Qxb3 27. Ne7+ Kh8 28. axb3 Ng4 29. Nf5 1-0

[Event "Budapest FS12 IM-B"]
[Site "Budapest"]
[Date "2002.12.08"]
[Round "2"]
[White "Dub, Zeev"]
[Black "Harmatosi, Jozsef"]
[Result "1-0"]
[WhiteElo "2270"]
[BlackElo "2255"]
[PlyCount "75"]
[EventDate "2002.12.07"]
[EventType "tourn"]
[EventRounds "11"]
[EventCountry "HUN"]
[EventCategory "2"]
[SourceTitle "CBM 091 Extra"]
[Source "ChessBase"]
[SourceDate "2003.01.09"]
[SourceVersion "1"]
[SourceVersionDate "2003.01.09"]
[SourceQuality "1"]

1. d4 d5 2. c4 c6 3. Nf3 Nf6 4. Nc3 e6 5. e3 Nbd7 6. Qc2 Bd6 7. Be2 0-0 8. 0-0 dxc4 9. Bxc4 e5 10. h3 Qe7 11. Bb3 c5 12. Re1 g6 13. Bd2 b6 14. Nd5 Nxd5 15. Bxd5 Rb8 16. Bc3 Bb7 17. Bxb7 Rxb7 18. Qe4 Rc7 19. Nxe5 Bxe5 20. dxe5 b5 21. a3 Re8 22. f4 c4 23. Qd4 Nc5 24. Bb4 Rec8 25. Rad1 Qe6 26. Bxc5 Rxc5 27. Qd7 c3 28. bxc3 Rxc3 29. Qxa7 Rc2 30. Qb7 Qa2 31. Rd2 Rxd2 32. Qxc8+ Kg7 33. Qb7 h5 34. Kh1 h4 35. Rg1 Rb2 36. Qe7 Qb3 37. Qxh4 Qxa3 38. Qf6+ 1-0

[Event "Budapest FS10 IM-B"]
[Site "Budapest"]
[Date "2002.10.12"]
[Round "8"]
[White "Dub, Zeev"]
[Black "Boguszlavszkij, Jevgenyij"]
[Result "1-0"]
[WhiteElo "2270"]
[BlackElo "2258"]
[PlyCount "63"]
[EventDate "2002.10.05"]
[EventType "tourn"]
[EventRounds "11"]
[EventCountry "HUN"]
[EventCategory "1"]
[SourceTitle "CBM 090 Extra"]
[Source "ChessBase"]
[SourceDate "2002.11.07"]
[SourceVersion "1"]
[SourceVersionDate "2002.11.07"]
[SourceQuality "1"]

1. d4 d5 2. c4 e6 3. Nc3 Nf6 4. Bg5 c6 5. e3 Nbd7 6. Nf3 Qa5 7. Nd2 Ne4 8. Ndxe4 dxe4 9. Bh4 f5 10. Be2 Be7 11. Bxe7 Kxe7 12. f3 exf3 13. Bxf3 Rd8 14. 0-0 Kf8 15. Qe1 Kg8 16. Rd1 Nf6 17. e4 Qb6 18. Qf2 Bd7 19. e5 Ne8 20. g4 g6 21. gxf5 gxf5 22. Kh1 Ng7 23. Rg1 Be8 24. Qh4 Qc7 25. Ne2 Bg6 26. Nf4 c5 27. Nxg6 hxg6 28. Rxg6 Rxd4 29. Rxd4 cxd4 30. Rh6 Kf7 31. Bh5+ Kg8 32. Bg6 1-0

[Event "Tel Aviv Hot Summer"]
[Site "Tel Aviv"]
[Date "2002.08.30"]
[Round "9"]
[White "Dub, Zeev"]
[Black "Kreizberg, Michael"]
[Result "0-1"]
[WhiteElo "2293"]
[BlackElo "2332"]
[PlyCount "38"]
[EventDate "2002.08.22"]
[EventType "tourn"]
[EventRounds "11"]
[EventCountry "ISR"]
[EventCategory "3"]
[SourceTitle "EXT 2003"]
[Source "ChessBase"]
[SourceDate "2002.11.25"]
[SourceVersion "1"]
[SourceVersionDate "2002.11.25"]
[SourceQuality "1"]

1. d4 d5 2. c4 c6 3. Nf3 Nf6 4. Nc3 a6 5. cxd5 cxd5 6. Bf4 Nc6 7. e3 Bg4 8. Bd3 e6 9. h3 Bh5 10. 0-0 Be7 11. a3 Nd7 12. Rc1 Rc8 13. b4 b5 14. Re1 0-0 15. g4 Bg6 16. e4 Nb6 17. exd5 Nxd5 18. Nxd5 Qxd5 19. Be3 Bxd3 0-1

[Event "Tel Aviv Hot Summer"]
[Site "Tel Aviv"]
[Date "2002.08.29"]
[Round "8"]
[White "Kraidman, Yair"]
[Black "Dub, Zeev"]
[Result "0-1"]
[WhiteElo "2324"]
[BlackElo "2293"]
[PlyCount "94"]
[EventDate "2002.08.22"]
[EventType "tourn"]
[EventRounds "11"]
[EventCountry "ISR"]
[EventCategory "3"]
[SourceTitle "EXT 2003"]
[Source "ChessBase"]
[SourceDate "2002.11.25"]
[SourceVersion "1"]
[SourceVersionDate "2002.11.25"]
[SourceQuality "1"]

1. d4 Nf6 2. c4 g6 3. Nc3 d5 4. Nf3 Bg7 5. Bf4 0-0 6. Rc1 dxc4 7. e4 Bg4 8. Bxc4 Nh5 9. Be3 Bxf3 10. gxf3 e5 11. dxe5 Bxe5 12. Ke2 Qh4 13. Qg1 Nf4+ 14. Bxf4 Bxf4 15. Rd1 Nc6 16. Nd5 Be5 17. Qg4 Nd4+ 18. Kf1 Qxg4 19. fxg4 c6 20. Ne3 b5 21. Be2 Nxe2 22. Kxe2 Bxb2 23. Rd7 Rfd8 24. Rhd1 Rxd7 25. Rxd7 Be5 26. g5 Bf4 27. h4 Bxe3 28. Kxe3 c5 29. Rc7 c4 30. f4 a5 31. f5 gxf5 32. exf5 h6 33. Kf4 a4 34. a3 b4 35. Rxc4 bxa3 36. Rc3 a2 37. Ra3 h5 38. Ke5 a1Q+ 39. Rxa1 a3 40. g6 fxg6 41. fxg6 Kg7 42. Ra2 Kxg6 43. Rg2+ Kf7 44. Ra2 Ra5+ 45. Ke4 Kf6 46. Kf4 Ra4+ 47. Kf3 Kf5 0-1

[Event "Tel Aviv Hot Summer"]
[Site "Tel Aviv"]
[Date "2002.08.28"]
[Round "7"]
[White "Dub, Zeev"]
[Black "Neiman, Emmanuel"]
[Result "1/2-1/2"]
[WhiteElo "2293"]
[BlackElo "2292"]
[PlyCount "45"]
[EventDate "2002.08.22"]
[EventType "tourn"]
[EventRounds "11"]
[EventCountry "ISR"]
[EventCategory "3"]
[SourceTitle "EXT 2003"]
[Source "ChessBase"]
[SourceDate "2002.11.25"]
[SourceVersion "1"]
[SourceVersionDate "2002.11.25"]
[SourceQuality "1"]

1. d4 Nf6 2. c4 e6 3. Nc3 d5 4. Nf3 Be7 5. Bg5 h6 6. Bh4 0-0 7. e3 b6 8. Rc1 Bb7 9. Bxf6 Bxf6 10. cxd5 exd5 11. Bd3 c5 12. 0-0 Nd7 13. Bb1 Re8 14. Qc2 g6 15. Rfd1 c4 16. b3 cxb3 17. Qxb3 Nf8 18. a4 Qd7 19. Ba2 Rad8 20. h4 h5 21. Rc2 Re6 22. Rdc1 Bc6 23. Qb4 1/2-1/2

[Event "Budapest FS06 IM"]
[Site "Budapest"]
[Date "2002.06.05"]
[Round "5"]
[White "Kongsted, Halfdan Christian"]
[Black "Dub, Zeev"]
[Result "1/2-1/2"]
[WhiteElo "2213"]
[BlackElo "2297"]
[PlyCount "44"]
[EventDate "2002.06.01"]
[EventType "tourn"]
[EventRounds "11"]
[EventCountry "HUN"]
[EventCategory "2"]
[SourceTitle "CBM 088 Extra"]
[Source "ChessBase"]
[SourceDate "2002.07.01"]
[SourceVersion "2"]
[SourceVersionDate "2002.07.01"]
[SourceQuality "1"]

1. e4 c5 2. Nf3 d6 3. d4 cxd4 4. Nxd4 Nf6 5. Nc3 a6 6. f3 e6 7. Be3 b5 8. g4 h6 9. Qd2 Bb7 10. 0-0-0 Nbd7 11. h4 b4 12. Na4 Qa5 13. b3 Rc8 14. a3 Nc5 15. axb4 Nxb3+ 16. Nxb3 Qxa4 17. Kb2 d5 18. c3 dxe4 19. Ra1 Qd7 20. Qxd7+ Kxd7 21. Rd1+ Kc7 22. Bf4+ Kb6 1/2-1/2

[Event "Budapest FS06 IM"]
[Site "Budapest"]
[Date "2002.06.03"]
[Round "3"]
[White "Dub, Zeev"]
[Black "Farago, Sandor"]
[Result "1/2-1/2"]
[WhiteElo "2297"]
[BlackElo "2286"]
[PlyCount "43"]
[EventDate "2002.06.01"]
[EventType "tourn"]
[EventRounds "11"]
[EventCountry "HUN"]
[EventCategory "2"]
[SourceTitle "CBM 088 Extra"]
[Source "ChessBase"]
[SourceDate "2002.07.01"]
[SourceVersion "2"]
[SourceVersionDate "2002.07.01"]
[SourceQuality "1"]

1. d4 Nf6 2. Nf3 b6 3. c4 e6 4. e3 Bb7 5. Bd3 Bb4+ 6. Bd2 Bxd2+ 7. Nbxd2 d5 8. 0-0 Nbd7 9. b4 a5 10. b5 Ne4 11. Qc2 Nxd2 12. Nxd2 dxc4 13. Qxc4 Nf6 14. a4 0-0 15. Nf3 Nd5 16. Ne5 Nb4 17. Nc6 Bxc6 18. bxc6 Qd5 19. Rfc1 Rfd8 20. Be2 Rd6 21. Bf3 Qg5 22. h3 1/2-1/2

[Event "Budapest FS05 IM"]
[Site "Budapest"]
[Date "2002.05.04"]
[Round "1"]
[White "Dub, Zeev"]
[Black "Mueller, Markus"]
[Result "1/2-1/2"]
[WhiteElo "2297"]
[BlackElo "2195"]
[PlyCount "65"]
[EventDate "2002.05.04"]
[EventType "tourn"]
[EventRounds "11"]
[EventCountry "HUN"]
[EventCategory "2"]
[SourceTitle "CBM 088 Extra"]
[Source "ChessBase"]
[SourceDate "2002.07.01"]
[SourceVersion "2"]
[SourceVersionDate "2002.07.01"]
[SourceQuality "1"]

1. d4 Nf6 2. Nf3 g6 3. c4 Bg7 4. Nc3 0-0 5. e4 d6 6. Be2 e5 7. 0-0 Nc6 8. d5 Ne7 9. b4 a5 10. Ba3 axb4 11. Bxb4 b6 12. a4 Ne8 13. Qb3 Rb8 14. Nb5 f5 15. a5 bxa5 16. Bxa5 fxe4 17. Nd2 Nf5 18. Nxe4 Nd4 19. Qd1 Nxb5 20. cxb5 Bh6 21. Ra3 Bd7 22. Qa4 Rb7 23. Bc3 Nf6 24. Nxf6+ Qxf6 25. Rb3 Qe7 26. Bg4 Qf7 27. Bxd7 Qxd7 28. Qc4 Rfb8 29. Rfb1 Qf5 30. g3 Rf8 31. Rf1 Qf7 32. Qh4 Be3 33. Qe4 1/2-1/2

[Event "Budapest FS04 IM-B"]
[Site "Budapest"]
[Date "2002.04.10"]
[Round "9"]
[White "Dub, Zeev"]
[Black "Farago, Sandor"]
[Result "1-0"]
[WhiteElo "2297"]
[BlackElo "2286"]
[PlyCount "69"]
[EventDate "2002.04.02"]
[EventType "tourn"]
[EventRounds "9"]
[EventCountry "HUN"]
[EventCategory "2"]
[SourceTitle "CBM 087 Extra"]
[Source "ChessBase"]
[SourceDate "2002.05.03"]
[SourceVersion "2"]
[SourceVersionDate "2002.08.09"]
[SourceQuality "1"]

1. d4 c5 2. d5 e5 3. e4 d6 4. Nc3 a6 5. a4 Nf6 6. Be2 Be7 7. Nf3 Nbd7 8. Nd2 b6 9. 0-0 Rb8 10. Nc4 0-0 11. f4 exf4 12. Bxf4 Ne8 13. Bg4 Qc7 14. Bxd7 Bxd7 15. e5 Qc8 16. Ne4 dxe5 17. Bxe5 Rb7 18. Qf3 Bg4 19. Qf2 f5 20. Ned6 Nxd6 21. Bxd6 Qd8 22. Bxe7 Rxe7 23. Ne3 Bh5 24. Qg3 Qd7 25. d6 Re4 26. Nd5 Kh8 27. Nxb6 Qc6 28. a5 Rg4 29. Qh3 f4 30. d7 g5 31. Rad1 Rd8 32. Rd5 Qh6 33. Rxc5 Rh4 34. Qc3+ Kg8 35. Rc8 1-0

[Event "Budapest FS04 IM-B"]
[Site "Budapest"]
[Date "2002.04.07"]
[Round "6"]
[White "Dub, Zeev"]
[Black "Vass, Viktor"]
[Result "1-0"]
[WhiteElo "2297"]
[BlackElo "2218"]
[PlyCount "50"]
[EventDate "2002.04.02"]
[EventType "tourn"]
[EventRounds "9"]
[EventCountry "HUN"]
[EventCategory "2"]
[SourceTitle "CBM 087 Extra"]
[Source "ChessBase"]
[SourceDate "2002.05.03"]
[SourceVersion "2"]
[SourceVersionDate "2002.08.09"]
[SourceQuality "1"]

1. d4 d5 2. c4 dxc4 3. Nf3 Nf6 4. e3 e6 5. Bxc4 c5 6. 0-0 a6 7. Bb3 Nc6 8. Qe2 cxd4 9. Rd1 Be7 10. Nc3 0-0 11. Nxd4 Qc7 12. Nxc6 Qxc6 13. e4 b5 14. f3 b4 15. Na4 a5 16. Be3 Ba6 17. Qf2 Rfd8 18. Rdc1 Qb7 19. Nb6 Rab8 20. Ba4 Bd6 21. Nc4 Bc7 22. Nd2 Be5 23. Nb3 Bb5 24. Bxb5 Qxb5 25. Rc5 Qd3 1-0

[Event "Budapest FS04 IM-B"]
[Site "Budapest"]
[Date "2002.04.05"]
[Round "4"]
[White "Dub, Zeev"]
[Black "Nemeth, Zoltan"]
[Result "1/2-1/2"]
[WhiteElo "2297"]
[BlackElo "2364"]
[PlyCount "91"]
[EventDate "2002.04.02"]
[EventType "tourn"]
[EventRounds "9"]
[EventCountry "HUN"]
[EventCategory "2"]
[SourceTitle "CBM 087 Extra"]
[Source "ChessBase"]
[SourceDate "2002.05.03"]
[SourceVersion "2"]
[SourceVersionDate "2002.08.09"]
[SourceQuality "1"]

1. d4 d5 2. c4 dxc4 3. Nf3 c5 4. d5 e6 5. Nc3 exd5 6. Qxd5 Qxd5 7. Nxd5 Na6 8. e4 Nf6 9. Nxf6+ gxf6 10. Bxc4 Be6 11. Bb5+ Bd7 12. Bxd7+ Kxd7 13. Bf4 Be7 14. Nh4 Rhd8 15. Nf5 Bf8 16. Ke2 Nb4 17. a3 Nc6 18. Rac1 Ke6 19. Be3 b6 20. b4 Ne5 21. bxc5 Nd3 22. Nd4+ Rxd4 23. Bxd4 Nxc1+ 24. Rxc1 Rc8 25. c6 Bxa3 26. Ra1 Bb4 27. Rxa7 Rxc6 28. f4 f5 29. exf5+ Kxf5 30. Kf3 Ke6 31. g4 Kd5 32. Rd7+ Bd6 33. Be3 Rc3 34. Rxf7 b5 35. Rxh7 b4 36. Ke2 Ke4 37. Bd2 Rc2 38. Rb7 Rb2 39. f5 Kd5 40. Kd3 Kc6 41. Rh7 b3 42. f6 Rb1 43. f7 b2 44. Kc2 Rd1 45. Kxb2 Rxd2+ 46. Kc3 1/2-1/2

[Event "Budapest FS04 IM-B"]
[Site "Budapest"]
[Date "2002.04.03"]
[Round "2"]
[White "Dub, Zeev"]
[Black "Nyysti, Sampsa"]
[Result "1/2-1/2"]
[WhiteElo "2297"]
[BlackElo "2242"]
[PlyCount "70"]
[EventDate "2002.04.02"]
[EventType "tourn"]
[EventRounds "9"]
[EventCountry "HUN"]
[EventCategory "2"]
[SourceTitle "CBM 087 Extra"]
[Source "ChessBase"]
[SourceDate "2002.05.03"]
[SourceVersion "2"]
[SourceVersionDate "2002.08.09"]
[SourceQuality "1"]

1. d4 Nf6 2. Nf3 d6 3. c4 Bf5 4. Nc3 g6 5. g3 Ne4 6. Nxe4 Bxe4 7. Bg2 Bg7 8. 0-0 0-0 9. Ne1 Bxg2 10. Nxg2 c5 11. d5 Nd7 12. Rb1 a6 13. b4 cxb4 14. Rxb4 Qc7 15. Bb2 Bxb2 16. Rxb2 Qxc4 17. Rxb7 Nf6 18. Ne3 Qxa2 19. Rxe7 Rfe8 20. Rxe8+ Nxe8 21. h4 a5 22. h5 a4 23. hxg6 hxg6 24. Qd4 Qxe2 25. Ng4 a3 26. Nh6+ Kf8 27. Qh8+ Ke7 28. Rb1 Rc8 29. Rb7+ Rc7 30. Rxc7+ Nxc7 31. Qc8 Qd1+ 32. Kh2 Qh5+ 33. Kg1 Qd1+ 34. Kh2 Qh5+ 35. Kg1 Qd1+ 1/2-1/2